Les compos de Real Madrid 3-0 Barcelone (2005) - Statistiques

Statistiques générales
  • Ce quiz a été pris 189 fois
  • Le résultat moyen est 12 sur 22
Statistiques - réponses
Equipe Joueurs % Correct
Real Madrid Iker Casillas
91%
Real Madrid Ronaldo
88%
Barcelone Carles Puyol
87%
Real Madrid Zinédine Zidane
87%
Barcelone Xavi
86%
Real Madrid Sergio Ramos
83%
Barcelone Ronaldinho
80%
Barcelone Victor Valdés
79%
Barcelone Lionel Messi
78%
Real Madrid Roberto Carlos
75%
Barcelone Samuel Eto'o
75%
Real Madrid David Beckham
72%
Real Madrid Raul
63%
Barcelone Deco
34%
Barcelone Rafael Marquez
27%
Real Madrid Sebastiao Salgado
27%
Real Madrid Robinho
23%
Real Madrid Ivan Helguera
17%
Barcelone Presas Oleguer
8%
Barcelone Van Bronckhorst
8%
Barcelone Edmilson
6%
Real Madrid Pablo Garcia
3%
Aucun quiz correspondant
Distribution des résultats
% des personnes avec chaque résultat
Percentile par nombre de réponses
Votre historique - résultats
Vous n’avez pas pris ce quiz